Тепловые процессы в энергосистемах: учебное пособие
| מחבר ראשי: | |
|---|---|
| מחבר תאגידי: | |
| מחברים אחרים: | |
| סיכום: | Заглавие с титульного экрана Текст на английском языке Пособие содержит основные теоретические сведения по методам получения, преобразования, передачи и использования теплоты и связанные с этим аппараты, устройства и технологические процессы. Приведены описания современных энергетических систем промышленного комплекса. Представленный материал позволяет получить базовые знания и выработать умения анализировать режимы работы энергосистем жилых районов и предприятий. Предназначена для студентов энергетических специальностей. Комплексность изложения позволяет использовать учебное пособие в рамках совместных международных образовательных программ, в системе элитного технического образования и повышения квалификации или самостоятельно The book provides basic theoretical information, the description of modern laboratory facilities, stated tasks and questions for classroom and self-study activities of students. It provides a set control and measuring materials to asses their knowledge. The combination of domestic and foreign technologies teaching in high schools is implemented in the coursebook. The coursebook is intended for the students of power energy specialities.The complexity of presentation allows using the coursebook in the frame of joint international educational programs, in the sphere of elite technical education and in advanced training or using it as self-study Режим доступа: из корпоративной сети ТПУ |
| שפה: | אנגלית |
| יצא לאור: |
Томск, Изд-во ТПУ, 2013
|
| נושאים: | |
| גישה מקוונת: | http://www.lib.tpu.ru/fulltext2/m/2013/m167.pdf |
| פורמט: | אלקטרוני ספר |
| KOHA link: | https://koha.lib.tpu.ru/cgi-bin/koha/opac-detail.pl?biblionumber=236858 |
MARC
| LEADER | 00000nlm0a2200000 4500 | ||
|---|---|---|---|
| 001 | 236858 | ||
| 005 | 20231101231513.0 | ||
| 035 | |a (RuTPU)RU\TPU\book\258027 | ||
| 090 | |a 236858 | ||
| 100 | |a 20130506d2013 m y0rusy50 ca | ||
| 101 | 0 | |a eng |f rus |f eng | |
| 102 | |a RU | ||
| 105 | |a a j 001zy | ||
| 135 | |a drcn ---uucaa | ||
| 181 | 0 | |a i | |
| 182 | 0 | |a b | |
| 200 | 1 | |a Тепловые процессы в энергосистемах |b Электронный ресурс |d Heat Processes in Energy Systems |e учебное пособие |f А. В. Крайнов, Г. В. Швалова |g Национальный исследовательский Томский политехнический университет (ТПУ), Энергетический институт (ЭНИН), Кафедра теоретической и промышленной теплотехники (ТПТ) | |
| 203 | |a Текст |c электронный | ||
| 210 | |a Томск |c Изд-во ТПУ |d 2013 | ||
| 230 | |a 1 компьютерный файл (pdf; 11.2 MB) | ||
| 300 | |a Заглавие с титульного экрана | ||
| 300 | |a Текст на английском языке | ||
| 330 | |a Пособие содержит основные теоретические сведения по методам получения, преобразования, передачи и использования теплоты и связанные с этим аппараты, устройства и технологические процессы. Приведены описания современных энергетических систем промышленного комплекса. Представленный материал позволяет получить базовые знания и выработать умения анализировать режимы работы энергосистем жилых районов и предприятий. Предназначена для студентов энергетических специальностей. Комплексность изложения позволяет использовать учебное пособие в рамках совместных международных образовательных программ, в системе элитного технического образования и повышения квалификации или самостоятельно | ||
| 330 | |a The book provides basic theoretical information, the description of modern laboratory facilities, stated tasks and questions for classroom and self-study activities of students. It provides a set control and measuring materials to asses their knowledge. The combination of domestic and foreign technologies teaching in high schools is implemented in the coursebook. The coursebook is intended for the students of power energy specialities.The complexity of presentation allows using the coursebook in the frame of joint international educational programs, in the sphere of elite technical education and in advanced training or using it as self-study | ||
| 333 | |a Режим доступа: из корпоративной сети ТПУ | ||
| 337 | |a Adobe Reader | ||
| 510 | 1 | |a Heat Processes in Energy Systems |e study aid |z eng | |
| 606 | 1 | |a Энергетические системы |x Тепловые процессы |2 stltpush |3 (RuTPU)RU\TPU\subj\72647 |9 86068 | |
| 610 | 1 | |a электронный ресурс | |
| 610 | 1 | |a труды учёных ТПУ | |
| 610 | 1 | |a английский язык | |
| 610 | 1 | |a heating | |
| 610 | 1 | |a process | |
| 610 | 1 | |a energy | |
| 610 | 1 | |a heat power engineering | |
| 610 | 1 | |a энергосистемы | |
| 610 | 1 | |a теплота | |
| 610 | 1 | |a учебные пособия | |
| 610 | 1 | |a труды учёных ТПУ | |
| 675 | |a 621.311:53(075.8) |v 3 | ||
| 700 | 1 | |a Крайнов |b А. В. |c специалист в области теплотехники |c доцент Томского политехнического университета, кандидат физико-математических наук |f 1974- |g Александр Валерьевич |2 stltpush |3 (RuTPU)RU\TPU\pers\26016 | |
| 701 | 1 | |a Швалова |b Г. В. |c лингвист |c старший преподаватель Томского политехнического университета |g Галина Васильевна |2 stltpush |3 (RuTPU)RU\TPU\pers\26958 | |
| 712 | 0 | 2 | |a Национальный исследовательский Томский политехнический университет (ТПУ) |b Энергетический институт (ЭНИН) |b Кафедра теоретической и промышленной теплотехники (ТПТ) |h 117 |2 stltpush |3 (RuTPU)RU\TPU\col\18679 |
| 801 | 1 | |a RU |b 63413507 |c 20121213 | |
| 801 | 2 | |a RU |b 63413507 |c 20130909 |g RCR | |
| 856 | 4 | |u http://www.lib.tpu.ru/fulltext2/m/2013/m167.pdf | |
| 942 | |c CF | ||